000 00676nam a2200241Ia 4500
003 OSt
005 20221006155829.0
006 a|||||r|||| 00| 0
007 ta
008 221006b |||||||| |||| 00| 0 eng d
024 _a43,624
037 _cSeries Articles
040 _aEASL
_cEASL
_beng
041 _2eng
_aeng
100 _aHossain Ashfaque
_9670553
245 0 _aThe making and unmaking of assam-bangal borders and the sylhet referendum
260 _aCambridge
_bCambridge University Press UK
_c2013
300 _a250-287
_ccm.
490 _v47
650 _aAsian Studies
942 _cREF
_2CC
999 _c1111710
_d1111710